Ημερολόγιο 2022 : τιμητικό αφιέρωμα στα 100 χρόνια από τη Μικρασιατική καταστροφή (1922-2022) ; ''το 1922 και η Κύπρος''

Αποθηκεύτηκε σε:
Λεπτομέρειες βιβλιογραφικής εγγραφής
Άλλοι συγγραφείς: Σαββίδου, Μόνα (edtf), Προδρόμου, Αντωνία (edtf)
Μορφή: Βιβλίο
Γλώσσα:Greek
Δημοσίευση: [Αθήνα] : Σύνδεσμος Μικρασιατών Κύπρου, [2022].
Θέματα:
Ετικέτες: Προσθήκη ετικέτας
Δεν υπάρχουν, Καταχωρήστε ετικέτα πρώτοι!

MARC

LEADER 00000cam a2200000 a 4500
001 1/125450
008 221005s2022####gr | ||| |||| ||gre||
020 |a 9789925741465 
040 |a GR-MyUa  |b gre  |c GR-MyUa  |e AACR2 
041 0 |a gre 
082 7 |a 956.0303   |2 (23) 
245 0 0 |a Ημερολόγιο 2022 :   |b τιμητικό αφιέρωμα στα 100 χρόνια από τη Μικρασιατική καταστροφή (1922-2022) ; ''το 1922 και η Κύπρος'' /   |c επιμέλεια: Μόνα Σαββίδου-Θεοδούλου, Αντωνία Προδρόμου. 
246 1 |i Τίτλος εξωφύλλου: Ημερολόγιο 2022, το 1922 και η Κύπρος, 100 χρόνια μνήμης 1922-2022 
260 |a [Αθήνα] :   |b Σύνδεσμος Μικρασιατών Κύπρου,   |c [2022]. 
300 |a 359 σ. :   |b φωτ. ;   |c 20 εκ.  
504 |a Περιλαμβάνει βιβλιογραφικές παραπομπές. 
650 0 |a Greek diaries. 
650 0 |a Greco-Turkish War, 1921-1922  |x Refugees. 
650 0 |a Greco-Turkish War, 1921-1922  |x Sources. 
650 0 |a Emigration and immigration  |x History  |y 20th century. 
651 0 |a Cyprus  |x History  |y 20th century  |x Sources. 
700 1 |a Σαββίδου, Μόνα,  |e edtf 
700 1 |a Προδρόμου, Αντωνία,  |e edtf 
852 |a INST  |b RHODES  |e 20221005  |h 956.0303 ΗΜΕ  |p 005400043099  |q 005400043099  |t BK  |y 0 
970 |z 05-10-2022